Belgicko v ekonomickom a finančnom priereze

Belgické hospodárstvo a jeho hospodárska politika. Aktívna obchodná bilancia. Stabilizovaná mena. Nízka inflácia. Obmedzené zahraničné dlhy. Valutová a fiškálna politika. HDP. Reálne mzdy. Zamestnanosť. Privatizácia štátneho majetku.

Salvato in:
Dettagli Bibliografici
Autore principale: Banneel, D.
Natura: Capitolo di libro
Lingua:slovacco
Soggetti:
Tags: Aggiungi Tag
Nessun Tag, puoi essere il primo ad aggiungerne!!

MARC

LEADER 00000naa a2200000 4500
001 r017634
005 20221213095616.8
041 0 |a slo 
044 |a SK 
245 1 0 |a Belgicko v ekonomickom a finančnom priereze  |c D. Banneel 
520 |a Belgické hospodárstvo a jeho hospodárska politika. Aktívna obchodná bilancia. Stabilizovaná mena. Nízka inflácia. Obmedzené zahraničné dlhy. Valutová a fiškálna politika. HDP. Reálne mzdy. Zamestnanosť. Privatizácia štátneho majetku. 
610 2 0 |a hospodárstvo národné 
610 2 0 |a Belgicko 
610 2 0 |a bilancia obchodná 
610 2 0 |a produkt domáci hrubý 
610 2 0 |a inflácia 
610 2 0 |a dlhy štátne 
610 2 0 |a mzdy reálne 
610 2 0 |a stabilita meny 
610 2 0 |a politika fiškálna 
610 2 0 |a politika devízová 
610 2 0 |a bilancia platobná 
610 2 0 |a zamestnanosť 
100 1 |a Banneel, D.